Construction management / (Record no. 134817)

MARC details
000 -LEADER
fixed length control field 00851nam a22002657a 4500
005 - DATE AND TIME OF LATEST TRANSACTION
control field 20170124110234.0
010 ## - LIBRARY OF CONGRESS CONTROL NUMBER
LC control number A-935587
020 ## - INTERNATIONAL STANDARD BOOK NUMBER
Terms of availability 541.00
International Standard Book Number 8170996791
035 ## - SYSTEM CONTROL NUMBER
System control number A-935587
037 ## - SOURCE OF ACQUISITION
Source of stock number/acquisition Cen Lib/Ret
040 ## - CATALOGING SOURCE
Original cataloging agency DPL
Language of cataloging EN
082 ## - DEWEY DECIMAL CLASSIFICATION NUMBER
Classification number 624.0685
Item number SIN
100 ## - MAIN ENTRY--PERSONAL NAME
Personal name Singh, Shailendra K.
9 (RLIN) 106011
245 ## - TITLE STATEMENT
Title Construction management /
Statement of responsibility, etc by Shailendra K. Singh;Subhash C. Kundu [and] Shobha Singh
260 ## - PUBLICATION, DISTRIBUTION, ETC. (IMPRINT)
Place of publication, distribution, etc New Delhi
Name of publisher, distributor, etc Mittal Publications
Date of publication, distribution, etc 1998
270 ## - ADDRESS
Address A-110, Mohan Garden
City New Delhi
Postal code 110059
300 ## - PHYSICAL DESCRIPTION
Extent vi, 248p.
Dimensions 22cm(Hb)
490 ## - SERIES STATEMENT
Series statement Handbook of modern management series -2
500 ## - GENERAL NOTE
General note Includes index
650 ## - SUBJECT ADDED ENTRY--TOPICAL TERM
Topical term or geographic name as entry element Construction industry
9 (RLIN) 41847
650 ## - SUBJECT ADDED ENTRY--TOPICAL TERM
Topical term or geographic name as entry element Management
9 (RLIN) 3072
700 ## - ADDED ENTRY--PERSONAL NAME
Personal name Kundu, Subhash C.
9 (RLIN) 1313
700 ## - ADDED ENTRY--PERSONAL NAME
Personal name Singh, Shobha
9 (RLIN) 41848
942 ## - ADDED ENTRY ELEMENTS (KOHA)
Source of classification or shelving scheme Dewey Decimal Classification
Koha item type English Books
Classification part 624.0685
Call number suffix SIN
Holdings
Withdrawn status Lost status Damaged status Not for loan Collection code Home library Current library Date acquired Source of acquisition Cost, normal purchase price Total Checkouts Full call number Barcode Date last seen Copy number Cost, replacement price Price effective from Koha item type
      Not For Loan Reference Central Library Central Library 31/07/2015 Cen Lib/Ret 0.00   624.0685 SIN A-935587 31/07/2015 1 0.00 31/07/2015 English Books

© Delhi Public Library
Hit Counter
free hit counter